000 00944nam a2200253 i 4500
001 37866
003 ES-MaACL
005 20230906155645.0
007 t|
008 030224s1909 fr ||||1| fre d
100 1 _aCagnat, René.
_933432
245 1 0 _aCarthage, Timgad, Tébessa et les villes antiques de l'Afrique du Nord /
_cpar René Cagnat ; ouvrage orné de 113 gravures.
260 _aParis :
_bH. Laurens,
_c1909 (
_eEvreux :
_fCh. Hérissey)
300 _a163 p. :
_bil. ;
_c26 cm.
490 1 _aLes villes d'art célèbres
530 _aDisponible en formato digital.
651 4 _aCartago (Ciudad desaparecida)
_9173230
651 4 _aThamugadi (Ciudad desaparecida)
_9173231
651 4 _aArgelia-
_xRestos arqueológicos.
_9173232
830 1 _aLes villes d'art célèbres
_9181445
852 _aES-MaACL
_jF-2099
856 _uhttps://archive.org/details/carthagetimgadt00cagnuoft
_zInternet Archive
999 _c37866
_d37866